Представление документа в формате MARC21

Поле Инд. ПП Название Значение
Тип записи a
Библиографический уровень m
001 Контрольный номер 83b2e170-0bdc-11da-b763-0008a11c53a8
005 Дата корректировки 20140703135236.8
008 Кодируемые данные 050813
020 a ISBN 5-7695-2187-2
c Цена, тираж 156.00
040 a Служба первич. каталог. НБ ТвГУ
041 a Код языка текста rus
080 a Индекс УДК 612.8(075.8)
084 a Индекс другой классификации/Индекс ББК Е991.7я73-1
090 a Полочн. индекс Е991.7
x Авторский знак С50
100 1_ a Автор Смирнов Виктор Михайлович
245 10 a Заглавие Физиология центральной нервной системы
b Продолж. заглавия учеб. пособие для студентов мед. вузов
c Ответственность В. М. Смирнов, В. Н. Яковлев, В. А. Правдивцев
250 a Основные сведения об издании 3-е изд., испр. и доп.
260 0_ a Место издания Москва
b Издательство Academia
c Дата издания 2005
300 a Объем 367 с.
b Иллюстрации/ тип воспроизводства ил., табл.
c Размеры 22 см.
440 a Серия Высшее профессиональное образование
a Серия Медицина
504 a Библиография Библиогр.: с. 363.
583 a Действие Получение впервые 228 12.08.2005
k Исполнитель действия ООО "Кроун"
650 a Основная рубрика Центральная нервная система
x Основная подрубрика Учебники для вузов
x Основная подрубрика Физиология
650 a Основная рубрика Нервная система
653 a Ключевые слова Нервная система
a Ключевые слова Физиология центральной нервной системы
a Ключевые слова Центральная нервная система
700 1_ a Другие авторы Яковлев Виктор Николаевич
e Роль лиц авт.
700 1_ a Другие авторы Правдивцев Виталий Андреевич
e Роль лиц авт.
852 t Порядковый номер экземпляра 3
p Инвентарный номер 814931
p Инвентарный номер 814932
p Инвентарный номер 814933
863 t 00093983
863 t 00093984
863 t 00093985
888 a За счет средств университета
930 a Новая/Ретро учебники
952 p 228.2005 156.00 1 814931
p 228.2005 156.00 1 814932
p 228.2005 156.00 1 814933
c Вид литературы К ру
954 a Дата поступления на обработку 20050822
999 a Подразделение 2 Фил3